[Event "Titled Tuesday intern op 09th Aug Late"]
[Site "Chess.com INT"]
[Date "2022.08.09"]
[Round "9"]
[White "Bjelobrk, Igor"]
[Black "Bodnar, Nikolay"]
[Result "1-0"]
[WhiteElo "2405"]
[BlackElo "2441"]
[PlyCount "93"]
[EventDate "2022.08.09"]
[EventType "swiss (blitz)"]
[EventRounds "11"]
[EventCountry "USA"]
[SourceTitle "EXT 2023"]
[Source "ChessBase"]
[SourceDate "2022.10.05"]
[SourceVersion "1"]
[SourceVersionDate "2022.10.05"]
[SourceQuality "1"]

1. Nf3 d5 2. e3 Bg4 3. c4 c6 4. cxd5 cxd5 5. Qb3 Qc8 6. Nc3 Bxf3 7. gxf3 e6 8. d4 Nc6 9. Bd2 Nf6 10. Rc1 Qd7 11. Na4 Rc8 12. Nc5 Bxc5 13. Rxc5 0-0 14. Be2 b6 15. Rc2 Na5 16. Bxa5 Rxc2 17. Qxc2 bxa5 18. 0-0 Rc8 19. Qd2 Qc7 20. Ba6 Rb8 21. Rc1 Qb6 22. Bf1 h6 23. b3 Nd7 24. Rc3 g6 25. Qc2 Rb7 26. Rc6 Qb4 27. Bd3 Kg7 28. Kg2 Qe7 29. Qc3 Qg5+ 30. Kf1 Qh5 31. Ke2 Qxh2 32. Qxa5 Nf6 33. Qd8 Rb8 34. Qe7 Ng8 35. Qxa7 h5 36. Rxe6 Kf8 37. Re5 Rd8 38. Qc7 Ra8 39. Re8+ Rxe8 40. Qxh2 Nf6 41. b4 Ra8 42. Bb1 Kg7 43. b5 Ra5 44. Qb8 h4 45. Qb6 h3 46. Qxa5 h2 47. Qe1 1-0

[Event "Titled Tuesday intern op 09th Aug Late"]
[Site "Chess.com INT"]
[Date "2022.08.09"]
[Round "3"]
[White "Bodnar, Nikolay"]
[Black "Matinian, Nikita"]
[Result "0-1"]
[WhiteElo "2441"]
[BlackElo "2435"]
[PlyCount "144"]
[EventDate "2022.08.09"]
[EventType "swiss (blitz)"]
[EventRounds "11"]
[EventCountry "USA"]
[SourceTitle "EXT 2023"]
[Source "ChessBase"]
[SourceDate "2022.10.05"]
[SourceVersion "1"]
[SourceVersionDate "2022.10.05"]
[SourceQuality "1"]

1. c4 e5 2. g3 g6 3. Bg2 Bg7 4. Nc3 Nc6 5. d3 h5 6. h4 d6 7. Nf3 Nh6 8. Rb1 Ng4 9. b4 0-0 10. b5 Nd4 11. 0-0 a6 12. a4 axb5 13. axb5 Re8 14. Bg5 f6 15. Bd2 Bd7 16. Nd5 Ra2 17. Nxd4 exd4 18. Nf4 Ne5 19. Bxb7 Bg4 20. Bd5+ Kh7 21. c5 Ra3 22. Bb4 Rc3 23. cxd6 g5 24. hxg5 fxg5 25. Be4+ Kh6 26. Nd5 cxd6 27. Nxc3 dxc3 28. Bxc3 Qd7 29. b6 d5 30. Bg2 h4 31. b7 Rb8 32. Bxe5 Bxe5 33. Qb3 Be6 34. d4 Bc7 35. e4 hxg3 36. fxg3 dxe4 37. Qe3 Bd5 38. Bxe4 Qg4 39. Rbe1 Bxg3 40. Bg2 Bxe1 41. Qe2 Qxe2 42. Rf6+ Kh5 43. Bxd5 Qe3+ 44. Kf1 Qf4+ 45. Bf3+ Qxf3+ 46. Rxf3 Ba5 47. Rf7 Bb6 48. Rd7 Kg6 49. d5 Bd4 50. Ke2 Kf6 51. Kd3 Be5 52. Kc4 Bf4 53. Kb5 g4 54. Kc6 g3 55. d6 g2 56. Kc7 Rg8 57. Rd8 Bxd6+ 58. Kd7 Rxd8+ 59. Kxd8 g1Q 60. Kd7 Be5 61. b8Q Qd4+ 62. Kc6 Bxb8 63. Kb7 Be5 64. Kc6 Qd6+ 65. Kb7 Qc7+ 66. Ka6 Qb8 67. Ka5 Bc3+ 68. Ka4 Bd4 69. Ka5 Qb6+ 70. Ka4 Bc3 71. Ka3 Qb4+ 72. Ka2 Qb2# 0-1

[Event "Titled Tuesday intern op 10th May Early"]
[Site "Chess.com INT"]
[Date "2022.05.10"]
[Round "1"]
[White "Bodnar, Nikolay"]
[Black "De Silva, LMST"]
[Result "0-1"]
[WhiteElo "2438"]
[BlackElo "2192"]
[PlyCount "86"]
[EventDate "2022.05.10"]
[EventType "swiss (blitz)"]
[EventRounds "11"]
[EventCountry "USA"]
[SourceTitle "CBM 208 Extra"]
[Source "ChessBase"]
[SourceDate "2022.07.31"]
[SourceVersion "1"]
[SourceVersionDate "2022.07.31"]
[SourceQuality "1"]

1. e4 e5 2. Nf3 Nc6 3. Bc4 Nf6 4. d3 h6 5. c3 d6 6. Bb3 g5 7. h3 Bg7 8. Nbd2 d5 9. Qe2 Be6 10. g4 d4 11. Bxe6 fxe6 12. Nc4 Nd7 13. cxd4 exd4 14. Bd2 b5 15. Na5 Nxa5 16. Bxa5 0-0 17. Rc1 Rc8 18. Kf1 Qf6 19. Kg2 c5 20. b3 Rf7 21. Rhf1 Rcf8 22. Nh2 b4 23. Ra1 Qf4 24. a3 Be5 25. Nf3 Qxf3+ 26. Qxf3 Rxf3 27. axb4 Rxd3 28. bxc5 Nxc5 29. Bb4 Nxb3 30. Rxa7 Rf7 31. Ra8+ Kh7 32. Re8 Rdf3 33. Rxe6 Bg3 34. Re7 Bh4 35. Rxf7+ Rxf7 36. f3 Rc7 37. Rb1 Rc2+ 38. Kh1 Nd2 39. Bxd2 Rxd2 40. e5 Kg7 41. Rb7+ Kf8 42. e6 d3 43. Rd7 Ke8 0-1

[Event "Titled Tuesday intern op 10th May Early"]
[Site "Chess.com INT"]
[Date "2022.05.10"]
[Round "5"]
[White "Bodnar, Nikolay"]
[Black "Fromm, Marius"]
[Result "1-0"]
[WhiteElo "2438"]
[BlackElo "2317"]
[PlyCount "95"]
[EventDate "2022.05.10"]
[EventType "swiss (blitz)"]
[EventRounds "11"]
[EventCountry "USA"]
[SourceTitle "CBM 208 Extra"]
[Source "ChessBase"]
[SourceDate "2022.07.31"]
[SourceVersion "1"]
[SourceVersionDate "2022.07.31"]
[SourceQuality "1"]

1. e4 c5 2. Nf3 d6 3. d4 cxd4 4. Nxd4 Nf6 5. Nc3 a6 6. f3 e5 7. Nb3 Be6 8. Be3 h5 9. Qd2 Nbd7 10. Nd5 Bxd5 11. exd5 g6 12. c4 Bg7 13. Be2 b6 14. 0-0 0-0 15. Rac1 Re8 16. Na1 e4 17. f4 Ng4 18. Bxg4 hxg4 19. b3 f5 20. Nc2 Nc5 21. Nb4 Qh4 22. g3 Qf6 23. Nc6 Nd3 24. Rcd1 b5 25. Bd4 Qf7 26. Qe3 bxc4 27. bxc4 Rac8 28. Rb1 Rc7 29. Rb3 Nc5 30. Rb6 Bxd4 31. Qxd4 Qg7 32. Qxg7+ Kxg7 33. Kf2 e3+ 34. Ke2 Re4 35. Rc1 Rb7 36. Rxb7+ Nxb7 37. Rc3 Nc5 38. Na5 Rd4 39. Rxe3 Ne4 40. Rd3 Rxd3 41. Kxd3 Kf6 42. Nb3 g5 43. Kd4 Nf2 44. fxg5+ Kxg5 45. c5 dxc5+ 46. Nxc5 Kf6 47. d6 a5 48. a4 1-0

[Event "Titled Tuesday intern op 10th May Early"]
[Site "Chess.com INT"]
[Date "2022.05.10"]
[Round "2"]
[White "Bodnar, Nikolay"]
[Black "Petre, Nad Titus"]
[Result "1-0"]
[WhiteElo "2438"]
[BlackElo "2297"]
[PlyCount "77"]
[EventDate "2022.05.10"]
[EventType "swiss (blitz)"]
[EventRounds "11"]
[EventCountry "USA"]
[SourceTitle "CBM 208 Extra"]
[Source "ChessBase"]
[SourceDate "2022.07.31"]
[SourceVersion "1"]
[SourceVersionDate "2022.07.31"]
[SourceQuality "1"]

1. e4 c6 2. d4 d5 3. e5 Bf5 4. h4 h5 5. Bd3 Bxd3 6. Qxd3 Qa5+ 7. Nd2 e6 8. Ngf3 Qa6 9. c4 Nh6 10. 0-0 Nf5 11. b3 Be7 12. g3 c5 13. dxc5 Bxc5 14. Kg2 Nc6 15. Qb1 Rd8 16. a3 dxc4 17. b4 Bd4 18. b5 Qa4 19. bxc6 Bxa1 20. Qxa1 Qxc6 21. Qc3 b5 22. a4 a6 23. axb5 axb5 24. Ba3 Rd3 25. Qb4 Kd7 26. Rc1 Ra8 27. Rc3 Rxd2 28. Rxc4 Ne3+ 29. Kh3 Nxc4 30. Qe7+ Kc8 31. Bd6 Nxd6 32. exd6 Rxd6 33. Qf8+ Rd8 34. Qxf7 Qd7 35. Qf4 Qc7 36. Qe4 Qd7 37. Qxa8+ Kc7 38. Qa7+ Kc6 39. Ne5+ 1-0

[Event "Titled Tuesday intern op 10th May Early"]
[Site "Chess.com INT"]
[Date "2022.05.10"]
[Round "6"]
[White "Jaracz, Pawel"]
[Black "Bodnar, Nikolay"]
[Result "1-0"]
[WhiteElo "2466"]
[BlackElo "2438"]
[PlyCount "57"]
[EventDate "2022.05.10"]
[EventType "swiss (blitz)"]
[EventRounds "11"]
[EventCountry "USA"]
[SourceTitle "CBM 208 Extra"]
[Source "ChessBase"]
[SourceDate "2022.07.31"]
[SourceVersion "1"]
[SourceVersionDate "2022.07.31"]
[SourceQuality "1"]

1. e4 e6 2. d4 d5 3. Nc3 Bb4 4. e5 c5 5. Bd2 Bd7 6. a3 Bxc3 7. Bxc3 cxd4 8. Bxd4 Ne7 9. f4 Nbc6 10. Bf2 Qc7 11. Nf3 f6 12. exf6 gxf6 13. Qd2 0-0-0 14. Nd4 e5 15. Nb5 Qb8 16. Bc5 Be6 17. Nxa7+ Kd7 18. Nb5 b6 19. Bd6 Qb7 20. fxe5 fxe5 21. Bxe7 Nxe7 22. Be2 Rhf8 23. 0-0-0 Rc8 24. Qe3 Ng6 25. Bd3 Bf5 26. Rhf1 Bxd3 27. Qxd3 Ke6 28. Qh3+ Ke7 29. Qxh7+ 1-0

[Event "Titled Tuesday intern op 22nd Feb Late"]
[Site "Chess.com INT"]
[Date "2022.02.22"]
[Round "5"]
[White "Bodnar, Nikolay"]
[Black "Goryachkina, Aleksandra"]
[Result "0-1"]
[WhiteElo "2438"]
[BlackElo "2610"]
[PlyCount "96"]
[EventDate "2022.02.22"]
[EventType "swiss (blitz)"]
[EventRounds "11"]
[EventCountry "USA"]
[SourceTitle "CBM 207 Extra"]
[Source "ChessBase"]
[SourceDate "2022.05.31"]
[SourceVersion "1"]
[SourceVersionDate "2022.05.31"]
[SourceQuality "1"]

1. e4 c5 2. Nf3 e6 3. d4 cxd4 4. Nxd4 Nf6 5. Nc3 Nc6 6. Ndb5 d6 7. Bf4 e5 8. Bg5 a6 9. Na3 b5 10. Nab1 Be7 11. Bxf6 Bxf6 12. a4 b4 13. Nd5 0-0 14. Bc4 Be6 15. 0-0 Bg5 16. c3 a5 17. cxb4 Nxb4 18. Nbc3 Kh8 19. Nb5 Rc8 20. b3 Bxd5 21. Bxd5 Qb6 22. Bc4 Rcd8 23. Qg4 Bh6 24. Rad1 g6 25. Qh4 Bg7 26. Qe7 Nc6 27. Rxd6 Qc5 28. Qc7 Rc8 29. Qb7 Nd4 30. Rd5 Qb4 31. Nd6 Qxb7 32. Nxb7 f5 33. exf5 gxf5 34. Rxa5 Rc7 35. Nd6 h6 36. h4 Rb8 37. Nf7+ Kh7 38. Nxe5 Nxb3 39. Bxb3 Rxb3 40. Nf3 f4 41. Rf5 Rb4 42. a5 Rc2 43. h5 Ra2 44. Rd1 Rba4 45. Rd7 Rxa5 46. Rff7 Ra1+ 47. Kh2 Rxh5+ 48. Nh4 Rxh4# 0-1

[Event "Titled Tuesday intern op 22nd Feb Late"]
[Site "Chess.com INT"]
[Date "2022.02.22"]
[Round "9"]
[White "Bodnar, Nikolay"]
[Black "Hoffmann, Asa"]
[Result "1-0"]
[WhiteElo "2438"]
[BlackElo "2185"]
[PlyCount "65"]
[EventDate "2022.02.22"]
[EventType "swiss (blitz)"]
[EventRounds "11"]
[EventCountry "USA"]
[SourceTitle "CBM 207 Extra"]
[Source "ChessBase"]
[SourceDate "2022.05.31"]
[SourceVersion "1"]
[SourceVersionDate "2022.05.31"]
[SourceQuality "1"]

1. e4 d6 2. d4 Nf6 3. Nc3 c6 4. f4 Qa5 5. Bd3 e5 6. dxe5 dxe5 7. Nf3 Nbd7 8. 0-0 Bd6 9. f5 Bc5+ 10. Kh1 Ng4 11. Qe1 h5 12. h3 b5 13. hxg4 hxg4+ 14. Nh2 Nf6 15. Be3 Qb6 16. Bxc5 Qxc5 17. Qg3 Bd7 18. Nd1 0-0-0 19. Ne3 Nh5 20. Qe1 g3 21. b4 Qe7 22. a4 gxh2 23. axb5 Qg5 24. Rf3 cxb5 25. Nd5 Bc6 26. Rxa7 Bxd5 27. exd5 Kb8 28. Qa1 Ng3+ 29. Rxg3 Qxg3 30. Ra8+ Kc7 31. Qa7+ Kd6 32. Qc5+ Kd7 33. Ra7+ 1-0

[Event "Titled Tuesday intern op 22nd Feb Early"]
[Site "Chess.com INT"]
[Date "2022.02.22"]
[Round "2"]
[White "Bodnar, Nikolay"]
[Black "Kobalia, Mihail"]
[Result "0-1"]
[WhiteElo "2438"]
[BlackElo "2596"]
[PlyCount "56"]
[EventDate "2022.02.22"]
[EventType "swiss (blitz)"]
[EventRounds "11"]
[EventCountry "USA"]
[SourceTitle "CBM 207 Extra"]
[Source "ChessBase"]
[SourceDate "2022.05.31"]
[SourceVersion "1"]
[SourceVersionDate "2022.05.31"]
[SourceQuality "1"]

1. e4 c5 2. Nf3 e6 3. d4 cxd4 4. Nxd4 Nc6 5. Nc3 a6 6. Qd3 Nf6 7. Nxc6 bxc6 8. e5 Nd5 9. Ne4 Qc7 10. f4 c5 11. a3 Bb7 12. c4 Nb6 13. Be2 Be7 14. Bf3 0-0 15. 0-0 Rad8 16. Rd1 Bxe4 17. Bxe4 g6 18. Qe2 d6 19. exd6 Bxd6 20. g3 Be7 21. Be3 Bf6 22. Rac1 Na4 23. Rxd8 Rxd8 24. Rc2 Qb8 25. Bc6 Nxb2 26. Bxc5 Rc8 27. Qe4 Qc7 28. Rd2 Qxc6 0-1

[Event "Titled Tuesday intern op 22nd Feb Late"]
[Site "Chess.com INT"]
[Date "2022.02.22"]
[Round "4"]
[White "Bodnar, Nikolay"]
[Black "Zhou, Qiyu"]
[Result "1-0"]
[WhiteElo "2438"]
[BlackElo "2218"]
[PlyCount "123"]
[EventDate "2022.02.22"]
[EventType "swiss (blitz)"]
[EventRounds "11"]
[EventCountry "USA"]
[SourceTitle "CBM 207 Extra"]
[Source "ChessBase"]
[SourceDate "2022.05.31"]
[SourceVersion "1"]
[SourceVersionDate "2022.05.31"]
[SourceQuality "1"]

1. e4 e5 2. Nf3 Nc6 3. Bc4 Bc5 4. c3 Nf6 5. d3 a6 6. 0-0 Ba7 7. Re1 0-0 8. a4 d6 9. h3 h6 10. Be3 Ne7 11. Bxa7 Rxa7 12. Nbd2 Ng6 13. Nf1 Be6 14. Bxe6 fxe6 15. Ng3 Nf4 16. d4 exd4 17. cxd4 Nh7 18. Kh2 Ng5 19. Ra3 Ra8 20. Nxg5 Qxg5 21. Qg4 Qxg4 22. hxg4 Ng6 23. f3 Ne7 24. Rc3 c6 25. a5 g6 26. Ra1 d5 27. e5 Kf7 28. Ra4 Rfc8 29. Rb4 Rc7 30. Rcb3 Rb8 31. Rb6 c5 32. dxc5 Rxc5 33. Rxb7 Rxb7 34. Rxb7 Rxa5 35. Ne2 Ra4 36. b4 a5 37. b5 Rb4 38. Nc3 a4 39. Ra7 Rb3 40. Nxa4 Rxb5 41. Nc3 Rc5 42. Ne2 Rc4 43. Kg3 Kf8 44. Nf4 Kf7 45. Nxg6 Kxg6 46. Rxe7 Rc6 47. f4 Rc3+ 48. Kh4 Rc6 49. g3 Rc1 50. Rxe6+ Kg7 51. g5 Rh1+ 52. Kg4 hxg5 53. Kxg5 Rg1 54. g4 Kf7 55. Rd6 Rd1 56. Rd7+ Ke6 57. Rd6+ Ke7 58. f5 Re1 59. Re6+ Kd7 60. Rd6+ Ke7 61. Rxd5 Rh1 62. e6 1-0

[Event "Titled Tuesday intern op 22nd Feb Late"]
[Site "Chess.com INT"]
[Date "2022.02.22"]
[Round "3"]
[White "Cardoso Cardoso, Jose Gabriel"]
[Black "Bodnar, Nikolay"]
[Result "1-0"]
[WhiteElo "2461"]
[BlackElo "2438"]
[PlyCount "139"]
[EventDate "2022.02.22"]
[EventType "swiss (blitz)"]
[EventRounds "11"]
[EventCountry "USA"]
[SourceTitle "CBM 207 Extra"]
[Source "ChessBase"]
[SourceDate "2022.05.31"]
[SourceVersion "1"]
[SourceVersionDate "2022.05.31"]
[SourceQuality "1"]

1. Nf3 d5 2. b3 c5 3. Bb2 f6 4. d3 e5 5. e4 d4 6. g3 Nc6 7. Bg2 Be6 8. a4 Bd6 9. Nfd2 Nge7 10. Nc4 Bc7 11. Nbd2 0-0 12. 0-0 a6 13. f4 exf4 14. gxf4 f5 15. Qh5 b5 16. Na3 Rb8 17. axb5 axb5 18. Rae1 Qd7 19. Bc1 Kh8 20. Nf3 Qe8 21. Qh3 Qg6 22. Ng5 Bc8 23. e5 Be6 24. Bf3 Bd5 25. Bh5 Qh6 26. Bd2 g6 27. Bd1 Qxh3 28. Nxh3 Rb7 29. Ng5 Ra8 30. Bc1 Nb4 31. Bf3 Bxf3 32. Rxf3 Na2 33. Bb2 Nc3 34. Ne6 Bb6 35. Bxc3 dxc3 36. Nxb5 c4+ 37. Kg2 cxb3 38. cxb3 Ra2+ 39. Kh3 c2 40. Rc1 Ba5 41. Nbd4 Rb6 42. Nc5 Nd5 43. Rxc2 Rxc2 44. Nxc2 Rc6 45. d4 Kg7 46. Rf2 Bc3 47. Kg2 Kf7 48. Na4 Ba5 49. Kf3 Bc7 50. Na3 Ne7 51. Nc4 Nd5 52. Rc2 Ke6 53. Nc5+ Ke7 54. Na5 Rb6 55. Na4 Rb4 56. Nc6+ Kd7 57. Nxb4 Nxb4 58. Rc4 Nd5 59. Nc3 Nb6 60. e6+ Kd6 61. Nb5+ Kxe6 62. Rxc7 Nd5 63. Rc5 Kf7 64. Rxd5 g5 65. Rxf5+ Ke6 66. Rxg5 h6 67. Rg6+ Kf5 68. Rd6 h5 69. d5 h4 70. Nd4# 1-0

[Event "Titled Tuesday intern op 22nd Feb Late"]
[Site "Chess.com INT"]
[Date "2022.02.22"]
[Round "11"]
[White "Liang, Jason"]
[Black "Bodnar, Nikolay"]
[Result "1/2-1/2"]
[WhiteElo "2419"]
[BlackElo "2438"]
[PlyCount "190"]
[EventDate "2022.02.22"]
[EventType "swiss (blitz)"]
[EventRounds "11"]
[EventCountry "USA"]
[SourceTitle "CBM 207 Extra"]
[Source "ChessBase"]
[SourceDate "2022.05.31"]
[SourceVersion "1"]
[SourceVersionDate "2022.05.31"]
[SourceQuality "1"]

1. c3 e5 2. d3 d5 3. d4 e4 4. Bf4 Nf6 5. e3 Be7 6. c4 0-0 7. Nc3 Be6 8. cxd5 Nxd5 9. Nxd5 Qxd5 10. Ne2 Bb4+ 11. Nc3 Qa5 12. Qc1 Nc6 13. a3 Bxc3+ 14. Qxc3 Qxc3+ 15. bxc3 Na5 16. Rb1 b6 17. Ba6 Bc4 18. Bxc4 Nxc4 19. Bxc7 Rfc8 20. Bf4 Nxa3 21. Rb3 Nc4 22. Ke2 a6 23. f3 f5 24. fxe4 fxe4 25. Rf1 Rf8 26. Rd1 Kf7 27. d5 b5 28. Rd4 Rfe8 29. d6 Rad8 30. d7 Re7 31. Bg5 Rdxd7 32. Bxe7 Rxe7 33. Rb1 Kf6 34. Rf1+ Ke5 35. Rf8 a5 36. Rb8 Nd6 37. Rb6 Re6 38. Ra6 a4 39. Rb4 Kd5 40. h3 Kc5 41. Rd4 Rf6 42. g4 h6 43. h4 Nc4 44. Rxf6 gxf6 45. Rd8 Kb6 46. Rf8 a3 47. Rxf6+ Ka5 48. Rf1 Ka4 49. g5 hxg5 50. hxg5 Ne5 51. Kd2 Kb3 52. Rb1+ Kc4 53. Kc2 Ng4 54. Rb4+ Kd5 55. Kb3 Nxe3 56. Rxb5+ Ke6 57. Kxa3 Nd5 58. Kb3 e3 59. Kc2 e2 60. Kd2 Nxc3 61. Rb6+ Kf7 62. g6+ Kg7 63. Ke1 Nd5 64. Rd6 Nf4 65. Kf2 Nxg6 66. Kxe2 Kf7 67. Ke3 Ne7 68. Ke4 Ng6 69. Kf5 Ne7+ 70. Ke5 Ng6+ 71. Kf5 Ne7+ 72. Kg5 Ng8 73. Rd7+ Ke6 74. Rg7 Ne7 75. Rh7 Nd5 76. Rh6+ Ke5 77. Rh1 Ne3 78. Re1 Ke4 79. Re2 Kf3 80. Ra2 Ke4 81. Ra3 Kf3 82. Rb3 Ke4 83. Kf6 Nd5+ 84. Ke6 Ne3 85. Kd6 Kd4 86. Rb4+ Kd3 87. Ke5 Nc4+ 88. Kd5 Ne3+ 89. Kc5 Kc3 90. Rd4 Nc2 91. Rc4+ Kd3 92. Ra4 Ne3 93. Ra3+ Ke4 94. Kb4 Nc2+ 95. Kb3 Nxa3 1/2-1/2

[Event "Titled Tuesday intern op 22nd Feb Late"]
[Site "Chess.com INT"]
[Date "2022.02.22"]
[Round "10"]
[White "Yuan, Qingyu"]
[Black "Bodnar, Nikolay"]
[Result "1-0"]
[WhiteElo "2373"]
[BlackElo "2438"]
[PlyCount "69"]
[EventDate "2022.02.22"]
[EventType "swiss (blitz)"]
[EventRounds "11"]
[EventCountry "USA"]
[SourceTitle "CBM 207 Extra"]
[Source "ChessBase"]
[SourceDate "2022.05.31"]
[SourceVersion "1"]
[SourceVersionDate "2022.05.31"]
[SourceQuality "1"]

1. Nf3 d5 2. g3 g6 3. Bg2 Bg7 4. 0-0 e5 5. d3 Ne7 6. c4 0-0 7. cxd5 Nxd5 8. Bg5 f6 9. Bd2 Be6 10. Nc3 Nxc3 11. bxc3 Nc6 12. Qa4 Rb8 13. Rfb1 Qd7 14. Be3 a6 15. Nd2 Bd5 16. Ne4 Qc8 17. Nxf6+ Bxf6 18. Bxd5+ Kg7 19. Bxc6 bxc6 20. Qxc6 h5 21. Ba7 Rxb1+ 22. Rxb1 Qg4 23. Rb7 Bd8 24. Qe4 Qe6 25. Bd4 Rf5 26. f4 Qxa2 27. Bxe5+ Kh6 28. Rb8 Bf6 29. Bxf6 Rxf6 30. Qe5 Qf7 31. Rc8 h4 32. g4 g5 33. fxg5+ Kh7 34. Qxf6 Qa2 35. Rh8# 1-0